书目信息 |
| 书名: | Voices from Southeast Asia | |
| 作者: | John Tenhula. | |
| 分册号: | ||
| 分册名: | 出版地: | New York : |
|
| 出版社: | Holmes & Meier | |
| 出版时间: | 1991. | |
| 页数: | xix, 247 p. : | |
| 开本: | 24 cm. | |
| 丛书名: | Ellis Island series | |
| 中图分类号: | ||
| 科图分类号: | ||
| 其他分类号: | C913.9 | |
| 主题词: | ||
| 电子资源: | ||
| 000 | 01248cam a2200337 a 450 | |
| 001 | E0729422792 | |
| 005 | 20070518081130.68 | |
| 008 | 900605s1991 nyuab b 000 0deng | |
| 010 | @a90040696 | |
| 020 | @a0-8419-1110-X. | |
| 035 | @A(DLC) 90040696 | |
| 040 | @aDLC@cDLC@dDLC | |
| 043 | @an-us--- | |
| 050 | 00 | @aE184.I43@bT46 1990 |
| 082 | 00 | @a305.895/9073@2 20 |
| 090 | @aC913.9 | |
| 099 | @dC913.9@ex206 | |
| 100 | 1 | @aTenhula, John. |
| 245 | 10 | @aVoices from Southeast Asia :@bthe refugee experience in the United States / @cJohn Tenhula. |
| 260 | @aNew York :@bHolmes & Meier,@c1991. | |
| 300 | @axix, 247 p. :@bill., map ;@c24 cm. | |
| 440 | 0 | @aEllis Island series |
| 504 | @aIncludes bibliographical references. | |
| 650 | 0 | @aIndochinese Americans@xSocial conditions. |
| 650 | 0 | @aIndochinese Americans@xCultural assimilation. |
| 650 | 0 | @aIndochinese Americans@xInterviews. |
| 650 | 0 | @aPolitical refugees@zUnited States@xInterviews. |
| 650 | 0 | @aOral history. |
| 906 | @a7@bcbc@corignew@d1@eocip@f19@gy-gencatlg | |
| 955 | @apc01 to ea00 06-05-90; ea12/ea39 to SCD 06-13-90; fd18 06-14-90; fl22 06-18-90; CIP ver. na21 02-27-91 | |
| 991 | @bc-GenColl@hE184.I43@iT46 1990@p00002055272@tCopy 1@wBOOKS | |
| Voices from Southeast Asia : : the refugee experience in the United States / / John Tenhula.-New York : : Holmes & Meier, , 1991. |
| xix, 247 p. : : ill., map ; ; 24 cm.- (Ellis Island series ) |
| Includes bibliographical references. |
| ISBN 0-8419-1110-X. |
| ● |
| 相关链接 |
|
|
|
|
正题名:Voices from Southeast Asia
索取号:C913.9/x206
 
预约/预借
| 序号 | 登录号 | 条形码 | 馆藏地/架位号 | 状态 | 备注 |
| 1 | 10281 | 300102813 | 第二样本阅览室/ [索取号:C913.9/x206] | 在馆 |